| 000 | 00915cam a22002055a 4500 | ||
|---|---|---|---|
| 001 | L156813 | ||
| 008 | 120717s1868 xxk f 000 0 eng d | ||
| 035 | _a(Sirsi) u156813 | ||
| 041 | 0 | _aeng | |
| 100 | 1 | _aLaxton, W. | |
| 245 | 0 | 0 |
_aLaxton's builder's price book for 1868 _bcontaining above 60,000 prices, carefully corrected according to the present prices of materials and labour, together with many new, useful, and important memoranda; and prices and descriptions of new materials and inventions suited to the builder, contractor and engineer, and all trades connected therewith |
| 250 | _a49th ed. | ||
| 260 |
_aLondon _bSimpkin, Marshall and Co. _c[1868] |
||
| 300 |
_axviii, 239, 52, cviii p. _bill. _c17 cm. |
||
| 520 | _aContains annotations. | ||
| 583 | 0 |
_aCondition reviewed _c20120620 _lcondition level 1 |
|
| 651 | 4 |
_aGreat Britain _y1707- |
|
| 690 |
_aConstruction management _96230 |
||
| 942 | _n0 | ||
| 999 |
_c114429 _d114429 |
||